|
|
|
|
| LEADER |
00000cam a2200000 i 4500 |
| 003 |
Ucuenca |
| 005 |
20230308182650.0 |
| 006 |
a||||gr|||| 000 0d |
| 007 |
ta |
| 008 |
000000r19881976mx ||||grd||| 000|0dspa a |
| 999 |
|
|
|c 60438
|d 60438
|
| 020 |
|
|
|a 968-23-1103-9
|q (vol. 2)
|
| 020 |
|
|
|a 968-23-1042-3
|q (obra completa)
|
| 040 |
|
|
|b spa
|a UCuenca-cdrjbv
|c UCuenca
|e rda
|
| 041 |
1 |
|
|a spa
|h ita
|
| 082 |
0 |
|
|2 21
|a 320.03
|c 108499-2
|
| 245 |
|
|
|a Diccionario de política, L-Z /
|c Norberto Bobbio y Nicola Matteucci, directores, redactor, Gianfranco Pasquino, Redactores al español José Aricó y Jorge Tula.
|
| 250 |
|
|
|a Quinta edición
|
| 264 |
|
|
|a México:
|b Siglo Veintiuno Editores,
|c 1988.
|
| 264 |
|
4 |
|c ©1976
|
| 300 |
|
|
|a paginas x, 881-1750:
|c 23 cm
|
| 336 |
|
|
|2 rdacontent
|a texto
|b txt
|
| 337 |
|
|
|2 rdamedia
|a no mediado
|b n
|
| 338 |
|
|
|2 rdacarrier
|a volumen
|b nc
|
| 650 |
1 |
|
|a Diccionario de politica
|9 6879
|
| 650 |
1 |
4 |
|a Política
|9 95
|
| 650 |
1 |
|
|a Relaciones internacionales
|9 7517
|
| 700 |
1 |
|
|a Bobbio, Norberto.
|d 1909-2004
|e director
|9 39885
|
| 700 |
1 |
|
|a Matteucci, Nicola
|e director
|9 185105
|
| 852 |
|
|
|a UC-CDJBV
|f Compra
|l 1
|m Limitada
|p 00000000
|q 1,00
|t 108499-2
|y 105965
|b 1
|d CDRC
|e CDRC
|g 320.03 PRIMER PISO
|z 0000-00-00
|
| 942 |
|
|
|c BK
|2 ddc
|